000 01241nam a22001817a 4500
999 _c63359
_d63359
003 Ge_BSU
005 20250924191233.0
008 250924s1977 ge ||||| |||| 00| 0 geo d
041 _ageo
080 _a94(479.22)"19" დ-46
245 _aდიდი ოქტომბრის გზით :
_b [სტატიების] კრებული ეძღვნება დიდი ოქტომბრის სოციალისტური რევოლუციის 60 წლისთავს /
_cრედ. ნ. მახარაძე; ივ. ჯავახიშვილის სახ. ისტორიის, არქეოლოგიისა და ეთნოგრაფიის ინ-ტი.
264 _aთბ. :
_b მეცნიერება,
_c1977.
300 _a251 გვ. ;
_b21 სმ.
653 _aსაქართველოს ახალი ისტორია.
700 _aმახარაძე, ნ.
_eრედაქტორი
_910467
710 _a ივ. ჯავახიშვილის სახ. ისტორიის, არქეოლოგიისა და ეთნოგრაფიის ინ-ტი.
_925873
942 _2udc
_cᲬᲘᲒᲜᲘ